000 01490nam a2200457 i 4500
001 42432
003 KOSZ 005
005 20210114133510.0
008 010424s2001 pl a f f |000 0 pol
015 _aUWD 2001/9092
020 _a838727433X
035 _a991016052589705066
035 _a(PL-WaBN)b14309981-48omnis_nlop
035 _ab14309981
035 _a(OCoLC)297539399
035 _a(PL)b0000001430998
035 _a(EXLNZ-48OMNIS_NETWORK)9910281979105606
040 _aWA N
_cWA N
_dKOSZ 005/HR
041 0 _apol
046 _k2001
080 _a54(075.8)
100 1 _aSzymura, Jacek A.
_d(1949- )
_eAutor
245 1 0 _aWybrane zagadnienia z chemii ogólnej i nieorganicznej /
_cJacek A. Szymura, Romuald Gogolin.
260 _aBydgoszcz :
_bWydawnictwa Uczelniane Akademii Techniczno-Rolniczej,
_c2001.
300 _a159 s. :
_bil. ;
_c24 cm.
336 _aTekst
_btxt
_2rdacontent
337 _aBez urządzenia pośredniczącego
_bn
_2rdamedia
338 _aWolumin
_bnc
_2rdacarrier
380 _aKsiążki
380 _aPublikacje dydaktyczne
385 _mPoziom nauczania
_aSzkoły wyższe
388 _a2001-
504 _aBibliogr.
650 7 _aChemia
_2DBN
655 7 _aPodręczniki akademickie
_2DBN
658 _aChemia
700 1 _aGogolin, Romuald
_eAutor
856 _uhttp://koha.tu.koszalin.pl/cgi-bin/koha/opac-detail.pl?biblionumber=42432
_yKatalog online BPK
942 _2UKD
_cKS
999 _c42432
_d42432